| 000 | 01203nam a22001577a 4500 | ||
|---|---|---|---|
| 041 | _aukr | ||
| 080 | _a09 | ||
| 090 | _bЛУШ | ||
| 100 | _aЛушпай Т.М. | ||
| 245 | _aСвідомість білінгвів як психолінгвістична проблема | ||
| 260 |
_aОстрог _bКАФ _c2009 |
||
| 300 | _a49 | ||
| 520 |
_aВСТУП
РОЗДІЛ 1 ТЕОРЕТИЧНІ АСПЕКТИ ВИВЧЕННЯ БІЛІНГВІЗМУ ЯК ПСИХОЛІНГВІСТИЧНОГО ЯВИЩА
1.1 Визначення білінгвізму та його основні характеристики.
1.2 Механізми формування білінгвізму.
РОЗДІЛ 2 ОСОЬЛИВОСТІ СВІДОМОСТІ БІЛІНГВІВ
2.1 Звязок свідомості, мови, культури.
2.2 Акультурація білінгвів як головний чинник формування особливих рис їх свідомості.
2.3 Особливості самоідентифікації білінгівів/мультилінгвів.
ВИСНОВКИ _0білінгвізм, свідомість |
||
| 650 | _aResearch Papers | ||
| 999 |
_c284128 _d284128 |
||
| 942 | _cBK | ||